Greek Logo Quiz Level 8 - Statistics

General Stats
  • This quiz has been taken 25 times
  • The average score is 17 of 25
Answer Stats
Picture Hint Answer % Correct
Cryp__ Crypto
100%
M_es___ Maestro
100%
MS_ MSI
100%
N_w Li__ Cinemas New Line Cinemas
100%
V_rg__ Virgin
100%
Χρ__η Ζ__η Χρυσή Ζύμη
75%
Εταιρεία αναψυκτικών στην Κρήτη Τεμένια
75%
O___ill O’neill
75%
Ελληνική δισκογραφική παραγωγή Panik Records
75%
P_l__ Pilot
75%
Ελληνική εταιρεία συσκευών οικιακής χρήσης Pitsos
75%
Γνωστός Κινηματογράφος Ster cinemas
75%
S_p_rf_s_ F_rr__s Superfast Ferries
75%
Μ_τρ_π_λ_τ_ν Μετροπολιταν
50%
Ινστιτούτο Καταναλωτών Ίνκα
50%
C__cc_ Chicco
50%
Γνωστά Αξεσουάρ Doca
50%
F_ll _ F_ll_e Folli Follie
50%
F___t_u Fujitsu
50%
G_S G4S
50%
Γνωστός Λογισμικός King Ston
50%
L_x__ Lexar
50%
M_li__ Malibu
50%
Tr_ss_rd_ Trussardi
50%
Γνωστή Ιστοσελίδα Word Press
50%
No matching quizzes found
Score Distribution
Percent of People with Each Score
Percentile by Number Answered
Your Score History
You have not taken this quiz